Housing index launched (Record no. 70999)

MARC details
000 -LEADER
fixed length control field 00885cam a2200205 4500
001 - CONTROL NUMBER
control field WB3831-19
008 - FIXED-LENGTH DATA ELEMENTS--GENERAL INFORMATION
fixed length control field 020823n2002 000 0 eng u
035 ## - SYSTEM CONTROL NUMBER
System control number (Sirsi) u119420
245 ## - TITLE STATEMENT
Title Housing index launched
260 ## - PUBLICATION, DISTRIBUTION, ETC.
Date of publication, distribution, etc. 2002
490 ## - SERIES STATEMENT
Series statement Rightmove Press Release
Volume/sequential designation 20 August 2002, (1)
520 ## - SUMMARY, ETC.
Summary, etc. Rightmove has launched its new real-time monthly property report, providing up-to-minute house price trend information. It will contain UK average price, monthly and annual increase or decrease, and regional data. August issue available at www.rightmove.co.uk/p/pdf/hpi/RealTimePropertyReport20August2002.pdf www.rightmove.co.uk/rm/s/rm/template/publicsite%2Cgeneric%2CPress.vm/nc/1030108641171/svr/1033
590 ## - LOCAL NOTE (RLIN)
Local note WB
650 ## - SUBJECT ADDED ENTRY--TOPICAL TERM
Topical term or geographic name entry element TRENDS
650 ## - SUBJECT ADDED ENTRY--TOPICAL TERM
Topical term or geographic name entry element HOUSE PRICES
650 ## - SUBJECT ADDED ENTRY--TOPICAL TERM
Topical term or geographic name entry element PROPERTY REPORTS
650 ## - SUBJECT ADDED ENTRY--TOPICAL TERM
Topical term or geographic name entry element PROPERTY MARKETS
690 ## - LOCAL SUBJECT ADDED ENTRY--TOPICAL TERM (OCLC, RLIN)
Topical term or geographic name as entry element HOUSING
942 ## - ADDED ENTRY ELEMENTS (KOHA)
Suppress in OPAC 0
Holdings
Withdrawn status Lost status Source of classification or shelving scheme Damaged status Not for loan Home library Current library Shelving location Date acquired Total Checkouts Full call number Barcode Date last seen Copy number Price effective from Koha item type
    Dewey Decimal Classification     London London News article 23/08/2002   WB3831-19 119420-1001 06/08/2019 1 06/08/2019 News article